000 00314nam a22001337a 4500
008 170421b xxu||||| |||| 00| 0 eng d
020 _a9780838513842
041 _aeng
080 _a573
100 _a11
101 _aSHM
245 _aMOLECULAR BASIC OF MEDICAL CELL BIOLOGY
_cFULLER.G.M
942 _2udc
_cBK
999 _c11422
_d11422